[Event "CFriend SH-2003-0-00008 email"]
[Site "Chessfriend.com"]
[Date "2003.07.17"]
[Round "?"]
[White "Blom, Erik"]
[Black "Chabot, Cedric"]
[Result "1/2-1/2"]
[WhiteElo "2192"]
[BlackElo "1965"]
[PlyCount "81"]
[EventDate "2003.07.17"]
[EventType "tourn (corr)"]
[EventRounds "12"]
[SourceTitle "Corr 2008"]
[Source "ChessBase"]
[SourceDate "2008.06.24"]
[SourceVersion "1"]
[SourceVersionDate "2008.06.24"]
[SourceQuality "1"]

1. e4 e6 2. d4 d5 3. Nd2 Nf6 4. e5 Nfd7 5. f4 c5 6. c3 Nc6 7. Ndf3 Qa5 8. Be3 Qb6 9. Qc2 f6 10. g3 cxd4 11. Bxd4 Qc7 12. exf6 Nxf6 13. Bd3 Bd6 14. Ne2 0-0 15. 0-0 Kh8 16. Rae1 Bd7 17. Bxf6 gxf6 18. Bxh7 f5 19. Ng5 Kg7 20. Qd1 Rf6 21. Nd4 Qb6 22. Qh5 Nxd4 23. cxd4 Rh8 24. Rf2 Qb4 25. Rfe2 Qxd4+ 26. Kh1 Bc5 27. a3 a5 28. h4 Bb6 29. Nf3 Rxh7 30. Qg5+ Rg6 31. Nxd4 Rxg5 32. Nxe6+ Bxe6 33. fxg5 Bf7 34. Kg2 Bc5 35. Rf1 b6 36. Re5 Rh8 37. Rexf5 Bg6 38. Re5 d4 39. Rd1 d3 40. Rd2 Rd8 41. Kf3 1/2-1/2

[Event "IECC Y2KO email"]
[Site "IECC email"]
[Date "2003.06.15"]
[Round "?"]
[White "Mayer, Eduardo"]
[Black "Chabot, Cedric"]
[Result "1-0"]
[WhiteElo "2224"]
[BlackElo "1929"]
[PlyCount "51"]
[EventDate "2003.??.??"]
[EventType "tourn (corr)"]
[EventRounds "6"]
[SourceTitle "Corr 2008"]
[Source "ChessBase"]
[SourceDate "2008.06.24"]
[SourceVersion "1"]
[SourceVersionDate "2008.06.24"]
[SourceQuality "1"]

1. e4 e6 2. d3 b5 3. c3 Bb7 4. Nf3 c5 5. Bf4 Nf6 6. g3 Be7 7. Bg2 0-0 8. 0-0 Nc6 9. Re1 d5 10. e5 Nd7 11. Nbd2 a5 12. a4 b4 13. h4 Qc7 14. c4 d4 15. Nh2 Rfe8 16. Qg4 Bf8 17. Nhf3 Ne7 18. h5 Nf5 19. h6 Rac8 20. hxg7 Bxg7 21. Ne4 Bxe4 22. Rxe4 Ne7 23. Rae1 Ng6 24. Qh5 b3 25. Kh2 Re7 26. Ng5 1-0

[Event "CFriend SH-2003-0-00001 email"]
[Site "Chessfriend.com"]
[Date "2003.01.16"]
[Round "?"]
[White "Chabot, Cedric"]
[Black "Blom, Erik"]
[Result "0-1"]
[WhiteElo "2018"]
[BlackElo "2072"]
[PlyCount "66"]
[EventDate "2003.01.16"]
[EventType "tourn (corr)"]
[EventRounds "10"]
[SourceTitle "Corr 2008"]
[Source "ChessBase"]
[SourceDate "2008.06.24"]
[SourceVersion "1"]
[SourceVersionDate "2008.06.24"]
[SourceQuality "1"]

1. d4 d5 2. c4 dxc4 3. Nf3 a6 4. e3 e6 5. Bxc4 c5 6. 0-0 Nf6 7. Nc3 b5 8. Be2 Bb7 9. a3 Nc6 10. Qc2 cxd4 11. exd4 Rc8 12. Rd1 Be7 13. Be3 0-0 14. Rac1 Na5 15. Ne5 Nd5 16. Bd2 Nxc3 17. Bxc3 Bg5 18. Ra1 Bd5 19. Re1 Bf4 20. g3 f6 21. Ng6 hxg6 22. gxf4 Kf7 23. Bd3 f5 24. Bf1 Rh8 25. h3 Nb3 26. Rad1 g5 27. f3 gxf4 28. Qg2 Rh6 29. Qf2 Rg6+ 30. Bg2 Rg3 31. Kf1 Qg5 32. Re5 Bc4+ 33. Kg1 Rxh3 0-1

[Event "CFriend SH-2003-0-00001 email"]
[Site "Chessfriend.com"]
[Date "2003.01.14"]
[Round "1"]
[White "Giurgiu, Nicolas T"]
[Black "Chabot, Cedric"]
[Result "0-1"]
[WhiteElo "2137"]
[BlackElo "1965"]
[PlyCount "128"]
[EventDate "2003.01.16"]
[EventType "tourn (corr)"]
[EventRounds "10"]
[SourceTitle "Corr 2024"]
[Source "ChessBase"]
[SourceDate "2023.10.19"]
[SourceVersion "1"]
[SourceVersionDate "2023.10.19"]
[SourceQuality "1"]

1. e4 c5 2. Nf3 e6 3. d4 cxd4 4. Nxd4 a6 5. Bd3 Nf6 6. 0-0 d6 7. c4 g6 8. Nc3 Bg7 9. Be3 0-0 10. Rc1 b6 11. f4 Bb7 12. b4 Re8 13. a3 Nbd7 14. Nb3 Rc8 15. Qf3 h5 16. Bd4 e5 17. fxe5 Nxe5 18. Bxe5 Rxe5 19. Nd5 Bxd5 20. cxd5 b5 21. Kh1 Re8 22. Rxc8 Qxc8 23. Rc1 Qg4 24. Rc7 Qg5 25. h3 Qe5 26. Na5 Qa1+ 27. Kh2 g5 28. Nc6 g4 29. Qf2 Qxa3 30. Bc2 Qc1 31. Re7 Rxe7 32. Nxe7+ Kf8 33. Nf5 Qb2 34. Qe2 Qxb4 35. Qe3 gxh3 36. Kxh3 Ne8 37. Bd3 Qc3 38. g3 Bf6 39. Kg2 Kg8 40. Nh6+ Kg7 41. Nf5+ Kf8 42. Qh6+ Kg8 43. Be2 Qe5 44. Qf4 Qb2 45. Qf3 Qb1 46. Kh2 Qb4 47. Nh6+ Kg7 48. Nf5+ Kf8 49. Nh6 Qe1 50. Qxh5 Qf2+ 51. Kh3 Bg7 52. Nf5 Qe1 53. Bf3 Qf1+ 54. Kh2 Qc1 55. Qh4 Bf6 56. Qh7 Qd2+ 57. Bg2 Qg5 58. Bf1 Be5 59. Kg1 Nc7 60. Be2 b4 61. Bh5 Bg7 62. Bd1 a5 63. Ba4 Na6 64. Kg2 Nc5 0-1

[Event "IECG CP.2002.P.00025 email"]
[Site "IECG email"]
[Date "2002.10.01"]
[Round "?"]
[White "Chabot, Cedric"]
[Black "Ingersol, Harry"]
[Result "1/2-1/2"]
[WhiteElo "2014"]
[BlackElo "2293"]
[PlyCount "69"]
[EventDate "2002.10.01"]
[EventType "tourn (corr)"]
[EventRounds "6"]
[EventCountry "USA"]
[SourceTitle "Corr 2008"]
[Source "ChessBase"]
[SourceDate "2008.06.24"]
[SourceVersion "1"]
[SourceVersionDate "2008.06.24"]
[SourceQuality "1"]

1. d4 Nf6 2. c4 e6 3. Nc3 Bb4 4. f3 d5 5. a3 Bxc3+ 6. bxc3 c5 7. cxd5 Nxd5 8. dxc5 Qa5 9. e4 Ne7 10. Be3 0-0 11. Qb3 Na6 12. Bxa6 Qxa6 13. Ne2 e5 14. Qb2 Be6 15. 0-0 Bc4 16. Rfe1 Rad8 17. Ng3 Rd7 18. Rad1 Rfd8 19. Rd2 Rxd2 20. Bxd2 Rd3 21. Nf1 Qc6 22. Qb4 Ba6 23. Bg5 f6 24. Bh4 Qe6 25. Qb2 Qc4 26. Rc1 Ng6 27. Bf2 Nf4 28. Ne3 Qxc5 29. Nd5 Qd6 30. Nxf4 Rd1+ 31. Be1 Qc5+ 32. Kh1 Qc4 33. h3 Rxc1 34. Qxc1 exf4 35. Qd1 1/2-1/2

[Event "IECG CP.2002.P.00025 email"]
[Site "IECG email"]
[Date "2002.10.01"]
[Round "?"]
[White "Chabot, Cedric"]
[Black "Pereira, Matt"]
[Result "1-0"]
[WhiteElo "2014"]
[BlackElo "800"]
[PlyCount "35"]
[EventDate "2002.10.01"]
[EventType "tourn (corr)"]
[EventRounds "6"]
[EventCountry "USA"]
[SourceTitle "Corr 2008"]
[Source "ChessBase"]
[SourceDate "2008.06.24"]
[SourceVersion "1"]
[SourceVersionDate "2008.06.24"]
[SourceQuality "1"]

1. d4 Nf6 2. c4 g6 3. Nc3 Bg7 4. Bg5 0-0 5. e3 b6 6. Nf3 Bb7 7. Bd3 d5 8. cxd5 Nxd5 9. Nxd5 Bxd5 10. e4 Bb7 11. Qd2 c5 12. dxc5 bxc5 13. 0-0 Qc7 14. Bh6 Rd8 15. Bxg7 Kxg7 16. Rac1 Ba6 17. Qc3+ Kf8 18. Qh8# 1-0

[Event "IECC CL3-2002.32"]
[Site "IECC email"]
[Date "2002.09.23"]
[Round "?"]
[White "Endean, Andrew"]
[Black "Chabot, Cedric"]
[Result "1/2-1/2"]
[WhiteElo "1988"]
[BlackElo "1859"]
[PlyCount "59"]
[EventDate "2002.??.??"]
[EventType "tourn (corr)"]
[EventRounds "4"]
[SourceTitle "Corr 2008"]
[Source "ChessBase"]
[SourceDate "2008.06.24"]
[SourceVersion "1"]
[SourceVersionDate "2008.06.24"]
[SourceQuality "1"]

1. d4 Nf6 2. c4 g6 3. Nc3 d5 4. cxd5 Nxd5 5. e4 Nxc3 6. bxc3 Bg7 7. Nf3 c5 8. Rb1 0-0 9. Be2 cxd4 10. cxd4 Qa5+ 11. Qd2 Qxd2+ 12. Bxd2 b6 13. 0-0 Bb7 14. d5 Rc8 15. Rfc1 Nd7 16. Bb4 e6 17. dxe6 fxe6 18. Bc4 Nf8 19. Bxf8 Kxf8 20. Bxe6 Rxc1+ 21. Rxc1 Bxe4 22. Ng5 Bh6 23. Nxh7+ Ke7 24. Re1 Kxe6 25. Rxe4+ Kf5 26. Re7 g5 27. g3 Kg6 28. h4 gxh4 29. gxh4 a6 30. Ng5 1/2-1/2

[Event "IECC P email"]
[Site "IECC email"]
[Date "2002.01.11"]
[Round "?"]
[White "Lampon, Mario"]
[Black "Chabot, Cedric"]
[Result "0-1"]
[WhiteElo "1305"]
[BlackElo "1857"]
[PlyCount "84"]
[EventDate "2002.??.??"]
[EventType "tourn (corr)"]
[EventRounds "6"]
[SourceTitle "Corr 2008"]
[Source "ChessBase"]
[SourceDate "2008.06.24"]
[SourceVersion "1"]
[SourceVersionDate "2008.06.24"]
[SourceQuality "1"]

1. e4 e6 2. d4 d5 3. Be3 dxe4 4. f3 exf3 5. Nxf3 Nd7 6. Bd3 Ngf6 7. 0-0 Be7 8. Qe2 0-0 9. Nbd2 c5 10. Rad1 cxd4 11. Bxd4 Bc5 12. Bxc5 Nxc5 13. Nb3 Qc7 14. Nxc5 Qxc5+ 15. Kh1 Ng4 16. Nd2 f5 17. Rde1 Bd7 18. h3 Nf6 19. Nb3 Qb6 20. c3 Rad8 21. Nd4 Kh8 22. a3 Rfe8 23. Qf2 Bc6 24. Re5 Bd5 25. Rfe1 a6 26. R1e2 Nd7 27. R5e3 g6 28. Nf3 Bxf3 29. Qxf3 e5 30. Bc2 Nf6 31. Qf2 Re6 32. Qe1 e4 33. c4 Qd4 34. b3 Red6 35. Rf2 b5 36. cxb5 axb5 37. Ree2 Nh5 38. Rf1 Rf6 39. a4 Qd6 40. Re3 bxa4 41. bxa4 f4 42. Rc3 f3 0-1

[Event "IECG C1.2000.0.00288"]
[Site "IECG email"]
[Date "2000.06.14"]
[Round "?"]
[White "Chabot, Cedric"]
[Black "Hasler, Ulrich"]
[Result "1-0"]
[WhiteElo "2073"]
[BlackElo "1850"]
[PlyCount "43"]
[EventDate "2000.06.14"]
[EventType "tourn (corr)"]
[EventRounds "6"]
[SourceTitle "Corr 2008"]
[Source "ChessBase"]
[SourceDate "2008.06.24"]
[SourceVersion "1"]
[SourceVersionDate "2008.06.24"]
[SourceQuality "1"]

1. d4 d5 2. c4 e5 3. dxe5 d4 4. Nf3 Nc6 5. a3 a5 6. g3 Nge7 7. Bg2 Ng6 8. Qc2 Ngxe5 9. Nxe5 Nxe5 10. Qe4 Be7 11. Qxe5 f6 12. Qd5 Qd7 13. 0-0 c6 14. Qxd7+ Bxd7 15. Rd1 Bc5 16. Nd2 0-0-0 17. Ne4 Ba7 18. Nd6+ Kb8 19. Nf7 Rhe8 20. Bf4+ Ka8 21. Nxd8 Rxd8 22. b4 1-0

[Event "IECG C1.2000.0.00288"]
[Site "IECG email"]
[Date "2000.06.14"]
[Round "?"]
[White "Chabot, Cedric"]
[Black "Maloberti, David"]
[Result "0-1"]
[WhiteElo "2073"]
[BlackElo "2101"]
[PlyCount "88"]
[EventDate "2000.06.14"]
[EventType "tourn (corr)"]
[EventRounds "6"]
[SourceTitle "Corr 2008"]
[Source "ChessBase"]
[SourceDate "2008.06.24"]
[SourceVersion "1"]
[SourceVersionDate "2008.06.24"]
[SourceQuality "1"]

1. d4 Nf6 2. c4 g6 3. Nc3 Bg7 4. e4 d6 5. f3 0-0 6. Nge2 e5 7. Bg5 Nc6 8. d5 Ne7 9. Qd2 Ne8 10. 0-0-0 f5 11. g3 Nf6 12. Bh3 a6 13. Kb1 Bd7 14. exf5 Nxf5 15. g4 Ne7 16. Ne4 Nxe4 17. fxe4 Qe8 18. Ng3 Nc8 19. Be3 b5 20. c5 dxc5 21. Bxc5 Nd6 22. Rc1 Rf4 23. Qd3 Bxg4 24. Bxg4 Rxg4 25. Bxd6 cxd6 26. Rc6 Bf8 27. Rhc1 Rf4 28. Qd2 Qd8 29. Qe2 Ra7 30. Rg1 Qg5 31. Qe1 Qh4 32. Rg2 a5 33. Qe2 b4 34. Nf5 Qf6 35. Ng3 Rf7 36. Rc2 a4 37. Qc4 b3 38. axb3 axb3 39. Rc3 Rf2 40. Rxf2 Qxf2 41. Rxb3 Qxh2 42. Qd3 h5 43. Ne2 h4 44. Ka2 Qg2 0-1

[Event "IECG C1.2000.0.00288"]
[Site "IECG email"]
[Date "2000.06.14"]
[Round "?"]
[White "Longueville, Thomas"]
[Black "Chabot, Cedric"]
[Result "0-1"]
[WhiteElo "2050"]
[BlackElo "2073"]
[PlyCount "42"]
[EventDate "2000.06.14"]
[EventType "tourn (corr)"]
[EventRounds "6"]
[SourceTitle "Corr 2008"]
[Source "ChessBase"]
[SourceDate "2008.06.24"]
[SourceVersion "1"]
[SourceVersionDate "2008.06.24"]
[SourceQuality "1"]

1. e4 e6 2. d4 d5 3. Nc3 Bb4 4. e5 c5 5. a3 Ba5 6. b4 cxd4 7. Nb5 Bc7 8. f4 a5 9. Bb2 axb4 10. axb4 Rxa1 11. Bxa1 Nc6 12. Nxc7+ Qxc7 13. Qd2 Nh6 14. Nf3 0-0 15. Bd3 Nf5 16. 0-0 Bd7 17. Rb1 Ra8 18. b5 Na5 19. b6 Qd8 20. Nxd4 Nc4 21. Bxc4 Nxd4 0-1

[Event "IECC Swiss email"]
[Site "IECC email"]
[Date "2000.04.22"]
[Round "?"]
[White "Chabot, Cedric"]
[Black "Vujadinovic, Milan"]
[Result "1/2-1/2"]
[WhiteElo "1792"]
[BlackElo "2204"]
[PlyCount "46"]
[EventDate "2000.??.??"]
[EventType "tourn (corr)"]
[EventRounds "6"]
[SourceTitle "Corr 2008"]
[Source "ChessBase"]
[SourceDate "2008.06.24"]
[SourceVersion "1"]
[SourceVersionDate "2008.06.24"]
[SourceQuality "1"]

1. d4 e6 2. c4 Nf6 3. Nc3 Bb4 4. f3 d5 5. a3 Be7 6. e4 c5 7. cxd5 exd5 8. e5 Nfd7 9. Nxd5 cxd4 10. Nxe7 Qxe7 11. f4 f6 12. Qxd4 fxe5 13. Qe3 Nc6 14. Nf3 0-0 15. Bc4+ Kh8 16. 0-0 Rxf4 17. Bd5 Nf6 18. Bxc6 bxc6 19. Qxe5 Qxe5 20. Nxe5 Rxf1+ 21. Kxf1 Ng4 22. Nxg4 Bxg4 23. Bd2 Rf8+ 1/2-1/2

[Event "IECG L1.2000.0.00009 email"]
[Site "IECG email"]
[Date "2000.01.30"]
[Round "?"]
[White "Buijsman, Johan"]
[Black "Chabot, Cedric"]
[Result "0-1"]
[WhiteElo "1896"]
[BlackElo "2054"]
[PlyCount "72"]
[EventDate "2000.01.30"]
[EventType "tourn (corr)"]
[EventRounds "14"]
[SourceTitle "Corr 2008"]
[Source "ChessBase"]
[SourceDate "2008.06.24"]
[SourceVersion "1"]
[SourceVersionDate "2008.06.24"]
[SourceQuality "1"]

1. e4 e6 2. Nc3 d5 3. d4 Bb4 4. e5 c5 5. a3 Ba5 6. b4 cxd4 7. Nb5 Bc7 8. f4 a5 9. Bd2 Nh6 10. Bd3 Nf5 11. Nf3 0-0 12. Bxf5 exf5 13. Nfxd4 Nc6 14. Nxc6 bxc6 15. Nxc7 Qxc7 16. Be3 Ba6 17. c3 Bc4 18. Qh5 Qd7 19. Bd4 Rfe8 20. Rg1 f6 21. g4 axb4 22. cxb4 fxe5 23. fxe5 Rxe5+ 24. Bxe5 Qe7 25. Kf2 Qxe5 26. Rge1 Qd4+ 27. Kg2 Rf8 28. g5 f4 29. Qf3 Bd3 30. Red1 Qb2+ 31. Qf2 Qc3 32. h4 Bf5 33. Kg1 Qh3 34. Rf1 Bd3 35. Rfd1 f3 36. Rd2 Be4 0-1

[Event "IECG L1.2000.0.00009 email"]
[Site "IECG email"]
[Date "2000.01.30"]
[Round "?"]
[White "Chabot, Cedric"]
[Black "Kinkelin, Christian"]
[Result "1-0"]
[WhiteElo "2054"]
[BlackElo "1855"]
[PlyCount "69"]
[EventDate "2000.01.30"]
[EventType "tourn (corr)"]
[EventRounds "14"]
[SourceTitle "Corr 2008"]
[Source "ChessBase"]
[SourceDate "2008.06.24"]
[SourceVersion "1"]
[SourceVersionDate "2008.06.24"]
[SourceQuality "1"]

1. d4 Nf6 2. c4 g6 3. Nc3 Bg7 4. Bg5 d6 5. e3 0-0 6. Nf3 c5 7. h3 h6 8. Bh4 Nc6 9. Be2 cxd4 10. Nxd4 Nxd4 11. exd4 Bf5 12. 0-0 Ne4 13. Nxe4 Bxe4 14. Qd2 g5 15. Bg3 e5 16. f3 Bc6 17. d5 Bd7 18. Bf2 b6 19. Rac1 f5 20. b4 Qf6 21. c5 bxc5 22. bxc5 dxc5 23. Bxc5 Rfc8 24. d6 Kh7 25. Ba6 Rd8 26. Qa5 Bc8 27. Bd3 Be6 28. Rf2 Qf7 29. Ba3 e4 30. fxe4 Bd4 31. Rc7 Rd7 32. exf5 Bxf2+ 33. Kxf2 Bxa2 34. h4 Rxc7 35. Qxc7 1-0

[Event "IECG L1.2000.0.00009 email"]
[Site "IECG email"]
[Date "2000.01.30"]
[Round "?"]
[White "Spiridonov, Nick"]
[Black "Chabot, Cedric"]
[Result "1/2-1/2"]
[WhiteElo "1946"]
[BlackElo "2054"]
[PlyCount "73"]
[EventDate "2000.01.30"]
[EventType "tourn (corr)"]
[EventRounds "14"]
[SourceTitle "Corr 2008"]
[Source "ChessBase"]
[SourceDate "2008.06.24"]
[SourceVersion "1"]
[SourceVersionDate "2008.06.24"]
[SourceQuality "1"]

1. e4 e6 2. d4 d5 3. Nc3 Bb4 4. e5 c5 5. a3 Ba5 6. b4 cxd4 7. Nb5 Bc7 8. f4 a5 9. Bd2 Nh6 10. Bd3 Bd7 11. Nxc7+ Qxc7 12. Nf3 Nf5 13. Bxf5 exf5 14. bxa5 Nc6 15. 0-0 0-0 16. Bb4 Rfe8 17. Nxd4 Nxa5 18. Rb1 Ra6 19. Bd6 Qc3 20. Rf3 Qc8 21. Rh3 g6 22. Nb5 Bxb5 23. Rxb5 d4 24. Rc5 Nc6 25. Rd3 Qa8 26. Rb5 Ra5 27. Rb2 Ra7 28. Rdb3 Rc8 29. Rb5 Re8 30. Qd2 Rd8 31. Qe1 Rd7 32. Qh4 Nd8 33. R5b3 Ne6 34. Rh3 h5 35. Qf2 Rd8 36. Rhb3 Qc8 37. Rb1 1/2-1/2

[Event "IECC CL3-2000.10"]
[Site "IECC email"]
[Date "2000.01.09"]
[Round "?"]
[White "Chabot, Cedric"]
[Black "Myatt, John R"]
[Result "1/2-1/2"]
[WhiteElo "1843"]
[BlackElo "1738"]
[PlyCount "74"]
[EventDate "2000.??.??"]
[EventType "tourn (corr)"]
[EventRounds "4"]
[SourceTitle "Corr 2008"]
[Source "ChessBase"]
[SourceDate "2008.06.24"]
[SourceVersion "1"]
[SourceVersionDate "2008.06.24"]
[SourceQuality "1"]

1. d4 d5 2. c4 Nc6 3. Nc3 dxc4 4. d5 Ne5 5. Bf4 Ng6 6. Bg3 e5 7. Nf3 Bd6 8. e4 a6 9. Bxc4 Nf6 10. Nd2 0-0 11. a4 Bd7 12. f3 c6 13. dxc6 Bxc6 14. Bf2 Qe7 15. 0-0 Bc5 16. Qe1 Rad8 17. Nb3 Bxf2+ 18. Qxf2 Qb4 19. Qc5 Qxc5+ 20. Nxc5 Rd4 21. b3 Bxa4 22. Rxa4 b5 23. Bxb5 axb5 24. Rxd4 exd4 25. Nxb5 Rc8 26. Rc1 Nf4 27. Nxd4 Rd8 28. Ra1 Kf8 29. Ra4 Rxd4 30. g3 Rd1+ 31. Kf2 Ng6 32. Ra8+ Ke7 33. Ra7+ Nd7 34. Ke2 Rd6 35. h4 Nge5 36. Ke3 Nc6 37. Rb7 Kd8 1/2-1/2

[Event "IECC CL3-2000.10"]
[Site "IECC email"]
[Date "2000.01.09"]
[Round "?"]
[White "Kolacz, Wojciech"]
[Black "Chabot, Cedric"]
[Result "0-1"]
[WhiteElo "1788"]
[BlackElo "1805"]
[PlyCount "62"]
[EventDate "2000.??.??"]
[EventType "tourn (corr)"]
[EventRounds "4"]
[SourceTitle "Corr 2008"]
[Source "ChessBase"]
[SourceDate "2008.06.24"]
[SourceVersion "1"]
[SourceVersionDate "2008.06.24"]
[SourceQuality "1"]

1. e4 e6 2. d4 d5 3. Nc3 Bb4 4. e5 c5 5. a3 Ba5 6. b4 cxd4 7. Nb5 Bc7 8. f4 a5 9. Bd2 Nh6 10. Bd3 Bd7 11. Nf3 Nf5 12. Nxc7+ Qxc7 13. Bxf5 exf5 14. Nxd4 Qc4 15. Ne2 Bb5 16. a4 Qxe2+ 17. Qxe2 Bxe2 18. Kxe2 Nc6 19. b5 Nd4+ 20. Kd3 Ne6 21. g3 Ke7 22. Be3 Rhc8 23. Ra3 h6 24. Rd1 Rc4 25. Rda1 Rac8 26. R1a2 g5 27. fxg5 hxg5 28. Bd2 Rh8 29. Bxa5 Rxh2 30. c3 Nc5+ 31. Ke3 Re4+ 0-1

[Event "IECC P email"]
[Site "IECC email"]
[Date "1999.12.02"]
[Round "?"]
[White "Chabot, Cedric"]
[Black "Widegren, Johnny"]
[Result "0-1"]
[WhiteElo "1808"]
[BlackElo "2073"]
[PlyCount "102"]
[EventDate "1999.??.??"]
[EventType "tourn (corr)"]
[EventRounds "6"]
[SourceTitle "Corr 2008"]
[Source "ChessBase"]
[SourceDate "2008.06.24"]
[SourceVersion "1"]
[SourceVersionDate "2008.06.24"]
[SourceQuality "1"]

1. d4 Nf6 2. c4 e6 3. Nc3 Bb4 4. Qb3 c5 5. dxc5 Na6 6. a3 Bxc5 7. Nf3 b6 8. Qc2 Bb7 9. b4 Be7 10. e4 0-0 11. Bd3 d6 12. 0-0 Nb8 13. Bb2 Nc6 14. Rfe1 a5 15. b5 Ne5 16. Nd2 Nxd3 17. Qxd3 Qc7 18. Rac1 Nd7 19. Na4 Bf6 20. Bxf6 Nxf6 21. Qe3 Nd7 22. Nb1 Rac8 23. Red1 Rfd8 24. f3 Ba8 25. Nd2 Nc5 26. Nxc5 dxc5 27. Nf1 Bb7 28. Kf2 Qe5 29. Rxd8+ Rxd8 30. Rc2 g6 31. Rd2 Rd4 32. Rxd4 cxd4 33. Qd3 Qd6 34. g3 e5 35. Nd2 g5 36. g4 a4 37. Kg2 Kg7 38. Nf1 Qc5 39. Qd2 Kg6 40. Qb4 Qxb4 41. axb4 a3 42. Nd2 h5 43. h3 Bc8 44. c5 hxg4 45. hxg4 d3 46. Kf2 a2 47. Nb3 bxc5 48. bxc5 Be6 49. Na1 Bc4 50. Ke3 Bxb5 51. Kd2 Kf6 0-1